Machineries of Oil : An Infrastructural History of BP in Iran (Record no. 49311)
[ view plain ]
| 000 -LEADER | |
|---|---|
| fixed length control field | 01702nam a2200217Ia 4500 |
| 000 - LEADER | |
| fixed length control field | 02490naaa 00361uu |
| 001 - CONTROL NUMBER | |
| control field | https://directory.doabooks.org/handle/20.500.12854/38815 |
| 008 - FIXED-LENGTH DATA ELEMENTS--GENERAL INFORMATION | |
| fixed length control field | 211013s9999 xx 000 0 und d |
| 042 ## - AUTHENTICATION CODE | |
| Authentication code | dc |
| 245 #0 - TITLE STATEMENT | |
| Title | Machineries of Oil : An Infrastructural History of BP in Iran |
| 260 ## - PUBLICATION, DISTRIBUTION, ETC. | |
| Place of publication, distribution, etc. | Cambridge, MA |
| Name of publisher, distributor, etc. | The MIT Press |
| Date of publication, distribution, etc. | 2018 |
| 520 ## - SUMMARY, ETC. | |
| Summary, etc. | Machineries of Oil is an investigation into oil infrastructure in modern society, examining local power struggles over the construction of the global oil industry in a non-western context. This history is crucial for understanding the twentieth-century politics of the Middle East and the peculiar ways in which countries of the Global South have served as irreplaceable laboratories for producing knowledge and know-how on nature and society. This book will come at a time when tensions between the US and Iran, and tensions surrounding the politics of the oil industry in the Middle East in particular, have become unfortunately heightened in the wake of the change in US administration. We feel this book is particularly suited to the Knowledge Unlatched program because our reach to Middle East studies audiences is somewhat limited, and we'd like this book to be available to as many readers as possible, despite limited marketing resources to go beyond our usual channels. |
| 540 ## - TERMS GOVERNING USE AND REPRODUCTION NOTE | |
| Terms governing use and reproduction | Creative Commons |
| 653 ## - INDEX TERM--UNCONTROLLED | |
| Uncontrolled term | Political Science |
| 700 1# - ADDED ENTRY--PERSONAL NAME | |
| Personal name | Shafiee, Katayoun |
| 856 ## - ELECTRONIC LOCATION AND ACCESS | |
| Uniform Resource Identifier | <a href="https://library.oapen.org/bitstream/20.500.12657/30541/1/645366.pdf">https://library.oapen.org/bitstream/20.500.12657/30541/1/645366.pdf</a> |
| 856 ## - ELECTRONIC LOCATION AND ACCESS | |
| Uniform Resource Identifier | <a href="https://library.oapen.org/bitstream/20.500.12657/30541/1/645366.pdf">https://library.oapen.org/bitstream/20.500.12657/30541/1/645366.pdf</a> |
| 856 ## - ELECTRONIC LOCATION AND ACCESS | |
| Uniform Resource Identifier | <a href="www.oapen.org">www.oapen.org</a> |
| 942 ## - ADDED ENTRY ELEMENTS (KOHA) | |
| Koha item type | E-Book |
| Withdrawn status | Source of classification or shelving scheme | Damaged status | Not for loan | Home library | Current library | Date acquired | Total Checkouts | Date last seen | Price effective from | Koha item type |
|---|---|---|---|---|---|---|---|---|---|---|
| Library of Congress Classification | Not For Loan | Directory of Open Access Books | Directory of Open Access Books | 12/22/2021 | 12/22/2021 | 12/22/2021 | E-Book |